000 00470nam a22001937a 4500
003 MPLRDC
005 20220104142425.0
008 210129b ||||| |||| 00| 0 eng d
020 _a957-8399-77-4
082 _a848.2 KL-18
100 _a苦苓编
245 _a闲情散散
_c
250 _a初版一刷
260 _a
_b元尊文化企业股份有限公司
_c1998
300 _b
490 _a风行馆
650 _a现代别集
942 _cBK
_o848.2 KL-18
999 _c30792
_d30782